[Event "Fagernes GM Open 2014"]
[Site "Fagernes NOR"]
[Date "2014.04.15"]
[Round "3.3"]
[White "Postny, Evgeny"]
[Black "Kveinys, Aloyzas"]
[Result "1-0"]
[WhiteTitle "GM"]
[BlackTitle "GM"]
[WhiteElo "2630"]
[BlackElo "2543"]
[WhiteFideId "2804344"]
[BlackFideId "12800040"]
[EventDate "2014.04.13"]

1. d4 Nf6 2. c4 e6 3. g3 d5 4. Nf3 dxc4 5. Bg2 a6 6. Ne5 c5 7. Na3 Ra7 8. dxc5
Qxd1+ 9. Kxd1 Bxc5 10. Naxc4 b5 11. Nd3 bxc4 12. Nxc5 Rc7 13. Na4 Bb7 14. f3
Nbd7 15. Ke1 Bc6 16. Nc3 Rb7 17. Kf2 O-O 18. Rd1 Rc8 19. Rd4 Nb6 20. Be3 h6 21.
Rc1 a5 22. Rd2 Be8 23. Bf1 e5 24. g4 Bd7 25. Rd6 Rc6 26. Rcd1 Rxd6 27. Rxd6 Nc8
28. Rd2 Ne7 29. Bc5 Ng6 30. Ba3 e4 31. Rd4 exf3 32. exf3 Ne5 33. Bxc4 Nxc4 34.
Rxc4 Kh7 35. Rc5 Ra7 36. b3 Be6 37. Bc1 Nd7 38. Rb5 Rc7 39. Bd2 Rc5 40. Rxc5
Nxc5 41. Ke3 f5 42. Kd4 Nd7 43. g5 1-0

[Event "Fagernes GM Open 2014"]
[Site "Fagernes NOR"]
[Date "2014.04.15"]
[Round "3.4"]
[White "Shankland, Samuel L"]
[Black "Boruchovsky, Avital"]
[Result "1-0"]
[WhiteTitle "GM"]
[BlackTitle "IM"]
[WhiteElo "2616"]
[BlackElo "2492"]
[WhiteFideId "2004887"]
[BlackFideId "2800055"]
[EventDate "2014.04.13"]

1. d4 Nf6 2. c4 e6 3. Nf3 d5 4. Nc3 Be7 5. Bf4 O-O 6. e3 Nbd7 7. Be2 dxc4 8. O-O
Nd5 9. Bxc4 Nxf4 10. exf4 c5 11. dxc5 Qc7 12. g3 Nxc5 13. Rc1 Qb6 14. Qe2 Bf6
15. Ne5 Bxe5 16. Qxe5 Bd7 17. f5 Bc6 18. fxe6 fxe6 19. a3 a5 20. b4 axb4 21.
axb4 Nd7 22. Qd6 Bd5 23. Qxb6 Nxb6 24. Nxd5 exd5 25. Bb5 Rac8 26. Rc5 Kf7 27.
Ra1 Ke6 28. Ra7 Rf7 29. Ba6 Rb8 30. Be2 Kd6 31. Raa5 Rc8 32. Rab5 Rc6 33. f4 Kc7
34. Bf3 g5 35. Rxb6 Kxb6 36. Bxd5 Rf5 37. Bxc6 Rxc5 38. bxc5+ Kxc6 39. fxg5 Kxc5
40. h4 b5 41. Kf2 Kd4 42. Ke2 Ke4 43. Kd2 Kd4 44. Kc2 Kc4 45. h5 Kd5 46. g6 1-0

[Event "Fagernes GM Open 2014"]
[Site "Fagernes NOR"]
[Date "2014.04.15"]
[Round "3.5"]
[White "Houska, Jovanka"]
[Black "Lillevold, Frode"]
[Result "0-1"]
[WhiteTitle "IM"]
[WhiteElo "2410"]
[BlackElo "2182"]
[WhiteFideId "405094"]
[BlackFideId "1502913"]
[EventDate "2014.04.13"]

1. d4 d5 2. Bf4 Nf6 3. e3 e6 4. Nf3 c5 5. c3 Nc6 6. Nbd2 cxd4 7. exd4 Bd6 8. Bg3
Bxg3 9. hxg3 Qc7 10. Bb5 O-O 11. Qe2 Bd7 12. Bxc6 bxc6 13. Ne5 c5 14. g4 cxd4
15. cxd4 Rab8 16. g5 Bb5 17. Nd3 Qc2 18. gxf6 Bxd3 19. Qg4 Bg6 20. fxg7 Rfc8 21.
Nb3 Qxb2 22. O-O Qc2 23. Rfc1 Qe4 24. Qg3 Kxg7 25. Rc7 a5 26. Rac1 Re8 27. Nxa5
Ra8 28. Qc3 Qd3 29. Qb4 Reb8 30. Rb7 Rxb7 31. Nxb7 Rxa2 32. Nd6 Qa3 33. Ne8+ Kh6
34. Qe1 Be4 35. Kh2 Qe7 36. Qe3+ Qg5 37. Qxg5+ Kxg5 38. Kg3 h5 39. f3 h4+ 40.
Kh3 Bf5+ 41. Kh2 Rd2 42. Nd6 Rxd4 43. Nxf7+ Kf4 44. Nd6 Rd2 45. Rc8 h3 46. Nxf5
exf5 47. Kxh3 d4 48. Rc5 d3 49. g3+ Kxf3 50. Rxf5+ Ke4 51. Rf8 Re2 52. Kg4 d2
53. Re8+ Kd3 54. Rd8+ Ke3 55. Re8+ Kf2 56. Rd8 Ke1 57. Kf5 Rf2+ 58. Ke5 Rg2 59.
Kf4 d1=Q 60. Rxd1+ Kxd1 61. g4 Ke2 62. g5 Kf2 63. Kf5 Kg3 64. g6 Kh4 65. Kf6 Kh5 0-1

[Event "Fagernes GM Open 2014"]
[Site "Fagernes NOR"]
[Date "2014.04.15"]
[Round "3.6"]
[White "Hammer, Jon Ludvig"]
[Black "Rozentalis, Eduardas"]
[Result "1/2-1/2"]
[WhiteTitle "GM"]
[BlackTitle "GM"]
[WhiteElo "2647"]
[BlackElo "2624"]
[WhiteFideId "1503707"]
[BlackFideId "12800023"]
[EventDate "2014.04.13"]

1. d4 Nf6 2. c4 e6 3. Nc3 Bb4 4. Nf3 b6 5. e3 Bb7 6. Bd3 O-O 7. O-O Bxc3 8. bxc3
d6 9. Nd2 e5 10. e4 Nc6 11. Bb2 Ne7 12. g3 Nd7 13. Qc2 Ng6 14. f3 Qg5 15. Kh1 h5
16. Rf2 h4 17. Rg1 1/2-1/2

[Event "Fagernes GM Open 2014"]
[Site "Fagernes NOR"]
[Date "2014.04.15"]
[Round "3.7"]
[White "Johannessen, Leif Erlend"]
[Black "Tari, Aryan"]
[Result "1/2-1/2"]
[WhiteTitle "GM"]
[BlackTitle "IM"]
[WhiteElo "2530"]
[BlackElo "2387"]
[WhiteFideId "1501674"]
[BlackFideId "1510045"]
[EventDate "2014.04.13"]

1. d4 Nf6 2. c4 g6 3. Nf3 Bg7 4. g3 c6 5. Bg2 O-O 6. O-O d5 7. Nbd2 Bf5 8. b3
Ne4 9. Bb2 Nd7 10. Nh4 Nxd2 11. Qxd2 Be6 12. Rac1 Nf6 13. Rfd1 Qb6 14. Ba3 Rfe8
15. e3 Rad8 16. Bc5 Qc7 17. cxd5 Bxd5 18. Bxd5 Nxd5 19. e4 Nf6 20. Qe3 Nd7 21.
Bb4 Qb6 22. Qd2 Qa6 23. Qc2 Rc8 24. Bc3 e5 25. dxe5 Nxe5 26. Kg2 Rcd8 1/2-1/2

[Event "Fagernes GM Open 2014"]
[Site "Fagernes NOR"]
[Date "2014.04.15"]
[Round "3.8"]
[White "Getz, Nicolai"]
[Black "Urkedal, Frode"]
[Result "0-1"]
[WhiteTitle "IM"]
[BlackTitle "IM"]
[WhiteElo "2388"]
[BlackElo "2494"]
[WhiteFideId "1505572"]
[BlackFideId "1506102"]
[EventDate "2014.04.13"]

1. e4 e5 2. Nf3 Nc6 3. Bb5 a6 4. Ba4 Nf6 5. O-O Be7 6. Re1 b5 7. Bb3 d6 8. c3
O-O 9. h3 Nb8 10. d4 Nbd7 11. Nbd2 Bb7 12. Bc2 Re8 13. Nf1 Bf8 14. Ng3 g6 15. a4
c5 16. b3 exd4 17. cxd4 cxd4 18. axb5 axb5 19. Rxa8 Qxa8 20. Qxd4 Ne5 21. Nxe5
dxe5 22. Qb6 Bc6 23. Be3 h5 24. Bd3 Re6 25. Rc1 h4 26. Nf1 b4 27. Bc4 Bd5 28.
Qa7 Qxa7 29. Bxa7 Bxc4 30. Rxc4 Ra6 31. Be3 Ra1 32. Bd2 Rb1 33. Bxb4 Bxb4 34.
Rxb4 Nh5 35. Rc4 Kg7 36. Rc3 Nf4 37. Re3 Kf6 38. g3 hxg3 39. fxg3 Nxh3+ 40. Kg2
Ng5 41. Nd2 Rb2 42. Re2 Ke7 43. Rf2 f6 44. g4 Ne6 45. Kg3 Nc5 46. b4 Rxd2 0-1

[Event "Fagernes GM Open 2014"]
[Site "Fagernes NOR"]
[Date "2014.04.15"]
[Round "3.9"]
[White "Salomon, Johan"]
[Black "Svane, Rasmus"]
[Result "0-1"]
[BlackTitle "IM"]
[WhiteElo "2343"]
[BlackElo "2487"]
[WhiteFideId "1509500"]
[BlackFideId "4657101"]
[EventDate "2014.04.13"]

1. e4 c5 2. Nf3 d6 3. d4 cxd4 4. Qxd4 Nf6 5. Bb5+ Bd7 6. c4 g6 7. Nc3 Bg7 8. Qd3
O-O 9. h3 a6 10. Bxd7 Nfxd7 11. O-O Nc6 12. Bg5 Nc5 13. Qe3 b5 14. cxb5 axb5 15.
Bh6 b4 16. Bxg7 Kxg7 17. Nd5 e6 18. Nd4 exd5 19. Nxc6 Qf6 20. exd5 Qxb2 21. Qf4
Qf6 22. Qxb4 Ra4 23. Qb1 Rfa8 24. Qc2 Ra3 25. Nb4 h5 26. Rab1 R8a4 27. Rfe1 Rc3
28. Qd2 Rc4 29. Nc6 Ne4 30. Qb2 Nc3 31. Rbc1 Nxd5 32. Qb3 Qf4 33. Rxc4 Qxc4 34.
Qb2+ Qc3 35. Qxc3+ Nxc3 36. Re7 Rxa2 37. Nd8 d5 38. Rxf7+ Kg8 39. Rd7 Ra6 40.
Nb7 Rc6 41. Rd6 Rxd6 42. Nxd6 Kg7 43. Kf1 Kf6 44. Ke1 Ke5 45. Nf7+ Kf4 46. Nd8
d4 47. Ne6+ Ke5 48. Nc5 g5 49. Nd3+ Kf5 50. Nc5 h4 51. Nd3 Nd5 52. Kd2 Nf4 53.
Ne1 g4 54. hxg4+ Kxg4 55. Nf3 Nxg2 56. Nxd4 h3 57. Ne2 h2 58. Ng3 Kf3 59. Nh1
Nf4 60. Ke1 Kg2 61. f3 Nh5 62. Nf2 Kxf3 63. Kf1 Ng3+ 64. Ke1 Kg2 65. Nh1 Nxh1 0-1

[Event "Fagernes GM Open 2014"]
[Site "Fagernes NOR"]
[Date "2014.04.15"]
[Round "3.10"]
[White "Donchenko, Alexander"]
[Black "Hauge, Lars Oskar"]
[Result "1-0"]
[WhiteTitle "IM"]
[BlackTitle "FM"]
[WhiteElo "2471"]
[BlackElo "2330"]
[WhiteFideId "24603295"]
[BlackFideId "1509276"]
[EventDate "2014.04.13"]

1. Nf3 Nf6 2. c4 e6 3. Nc3 d5 4. d4 c6 5. Bg5 dxc4 6. e4 b5 7. e5 h6 8. Bh4 g5
9. Nxg5 Nd5 10. Nxf7 Qxh4 11. Nxh8 Bb4 12. Qd2 c5 13. a3 cxd4 14. axb4 dxc3 15.
bxc3 Nc6 16. Be2 Nxe5 17. O-O Bb7 18. f4 Ng4 19. h3 Nge3 20. Rf2 Qf6 21. Bh5+
Kd7 22. Nf7 Qxc3 23. Qxc3 Nxc3 24. Nxh6 Ncd5 25. Bf3 Kc7 26. f5 Nxb4 27. Bxb7
Kxb7 28. f6 Nd3 29. Re2 Nd5 30. f7 Nc5 31. Rf1 Rf8 32. g4 Nd3 33. Rxe6 N3f4 34.
Re8 Ng6 35. h4 Nc7 36. Rfe1 c3 37. h5 Nxe8 38. fxe8=Q Rxe8 39. Rxe8 c2 40. Re1
Nf4 41. Nf5 Nd3 42. Rf1 c1=Q 43. Rxc1 Nxc1 44. h6 Ne2+ 45. Kh2 1-0

[Event "Fagernes GM Open 2014"]
[Site "Fagernes NOR"]
[Date "2014.04.15"]
[Round "3.11"]
[White "Hansen, Torbjorn Ringdal"]
[Black "Kvisvik, Brede"]
[Result "1-0"]
[WhiteTitle "IM"]
[BlackTitle "FM"]
[WhiteElo "2469"]
[BlackElo "2300"]
[WhiteFideId "1501720"]
[BlackFideId "1502999"]
[EventDate "2014.04.13"]

1. Nf3 Nf6 2. c4 b6 3. g3 c5 4. Bg2 Bb7 5. O-O g6 6. d4 cxd4 7. Qxd4 Bg7 8. Nc3
d6 9. Be3 Nbd7 10. Rac1 Rc8 11. b3 Qc7 12. Rfd1 Qb8 13. h3 Qa8 14. Qd2 Ne5 15.
Ne1 Bxg2 16. Nxg2 Ne4 17. Nxe4 Qxe4 18. Bd4 O-O 19. Ne3 Bh6 20. f3 Qb7 21. f4
Qe4 22. Nd5 Nc6 23. Bb2 Bg7 24. Bxg7 Kxg7 25. Rc3 e5 26. e3 Qf3 27. Kh2 Rfe8 28.
Rd3 h5 29. Qg2 Qxg2+ 30. Kxg2 h4 31. gxh4 exf4 32. exf4 Re2+ 33. Kf3 Rxa2 34.
Nc3 Rb2 35. Nb5 Rh8 36. Re3 Na5 37. Rdd3 Nb7 38. Re7 Nc5 39. Rde3 Rxh4 40. Kg3
Rh8 41. Nxd6 Rf8 42. Rxa7 Nxb3 43. Ree7 Nd4 44. Rxf7+ Rxf7 45. Rxf7+ Kh6 46. Rd7
Rd2 47. Kh4 g5+ 48. fxg5+ Kg6 49. Rf7 Rd3 50. Rf6+ Kh7 51. Kg4 Nc6 52. h4 Rd4+
53. Kh5 Ne5 54. Nf5 Rd7 55. Re6 Nxc4 56. g6+ Kg8 57. Re8# 1-0

[Event "Fagernes GM Open 2014"]
[Site "Fagernes NOR"]
[Date "2014.04.15"]
[Round "3.13"]
[White "Djurhuus, Rune"]
[Black "Christiansen, Johan-Sebastian"]
[Result "1/2-1/2"]
[WhiteTitle "GM"]
[WhiteElo "2447"]
[BlackElo "2207"]
[WhiteFideId "1500082"]
[BlackFideId "1512668"]
[EventDate "2014.04.13"]

1. e4 e6 2. d4 d5 3. Nc3 Nf6 4. e5 Nfd7 5. f4 c5 6. Nce2 Nc6 7. c3 Qb6 8. Nf3
Be7 9. g3 f6 10. exf6 Nxf6 11. Bg2 O-O 12. O-O a5 13. Rb1 a4 14. Be3 Ng4 15. Qd2
Na5 16. dxc5 Qa7 17. b3 axb3 18. axb3 Nxe3 19. Qxe3 Bxc5 20. Ned4 Nc6 21. b4
Bxd4 22. Nxd4 Nxd4 23. cxd4 Kh8 24. Rbc1 Qb6 25. Qe5 Rf5 26. Qe3 Bd7 27. Bh3
Rff8 28. Qe5 Rac8 29. Rxc8 Rxc8 30. f5 exf5 31. Bxf5 Bxf5 32. Rxf5 Qxb4 33. Rf7
Qb1+ 34. Kg2 Qc2+ 35. Kh3 Qg6 36. Qxd5 Qh6+ 37. Kg2 Rc2+ 38. Kf3 Rc3+ 39. Kg4
Qg6+ 40. Kh4 Rc8 41. Qf5 Qxf5 42. Rxf5 Rd8 43. Rf4 Kg8 44. Kg4 Rf8 45. Re4 Kf7
46. Kf3 Ra8 47. Rh4 h6 48. Rh5 Ra3+ 49. Ke4 Rb3 50. Rc5 Rb2 51. h4 Rg2 52. Kf3
Rd2 53. Ke4 Rg2 54. Rc3 Ke6 55. Rb3 b5 56. d5+ Kd6 57. Kf3 Rd2 58. Rxb5 Rxd5 59.
Rb7 Ke6 60. Rxg7 Kf6 61. Rg8 h5 62. Re8 Ra5 63. Re4 Ra3+ 64. Kf4 Ra1 65. Rb4
Rf1+ 66. Ke3 Re1+ 67. Kf2 Ra1 68. Rb6+ Kf5 69. Kg2 Ra5 70. Kh3 Ke4 71. Rg6 Rb5
72. Rf6 Ra5 73. Rf4+ Ke5 74. Rf3 Ke4 75. Rb3 Kf5 76. Rb6 Ke4 77. Re6+ Re5 78.
Rg6 Rb5 79. Kg2 Rb2+ 80. Kf1 Kf3 81. Kg1 Rg2+ 82. Kh1 Rxg3 83. Rxg3+ Kxg3 84.
Kg1 Kxh4 85. Kh1 Kg3 86. Kg1 h4 87. Kh1 h3 88. Kg1 h2+ 89. Kh1 Kh3 1/2-1/2

[Event "Fagernes GM Open 2014"]
[Site "Fagernes NOR"]
[Date "2014.04.15"]
[Round "3.14"]
[White "Haria, Ravi"]
[Black "Galinsky, Timofey"]
[Result "0-1"]
[BlackTitle "IM"]
[WhiteElo "2207"]
[BlackElo "2427"]
[WhiteFideId "415820"]
[BlackFideId "14104164"]
[EventDate "2014.04.13"]

1. e4 e6 2. d4 d5 3. Nd2 Nc6 4. Ngf3 Nf6 5. e5 Nd7 6. c4 dxc4 7. Nxc4 Nb6 8. a3
Bd7 9. Bd3 h6 10. O-O Nxc4 11. Bxc4 Ne7 12. Qe2 Bc6 13. Bd2 Bd5 14. Rac1 c6 15.
Bb4 Nf5 16. Bxf8 Kxf8 17. Rfd1 g6 18. b4 Kg7 19. Bxd5 Qxd5 20. Rc5 Qd7 21. h3
Rhd8 22. Qe4 Ne7 23. Nh2 Nd5 24. Ng4 Qe7 25. Ne3 Rac8 26. Rdc1 Qg5 27. h4 Qf4
28. Qd3 Nc7 29. g3 Qxd4 30. Qxd4 Rxd4 31. b5 Nd5 32. bxc6 Rxc6 33. Rxc6 bxc6 34.
Rxc6 Nxe3 35. fxe3 Ra4 36. Rc3 Ra5 37. Kf2 Rxe5 38. Rc4 Rb5 39. a4 Rb2+ 40. Kf3
Ra2 41. Kf4 Ra3 42. Kf3 g5 43. hxg5 hxg5 44. g4 Kg6 45. Re4 a5 46. Rc4 f5 47.
gxf5+ exf5 48. Rc6+ Kh5 49. Rc5 f4 50. Rxa5 Rxe3+ 51. Kf2 Ra3 52. Ra8 Kg4 53. a5
Ra2+ 54. Ke1 Kf3 55. a6 g4 0-1

[Event "Fagernes GM Open 2014"]
[Site "Fagernes NOR"]
[Date "2014.04.15"]
[Round "3.15"]
[White "Mihajlov, Sebastian"]
[Black "Wallace, John Paul"]
[Result "1/2-1/2"]
[WhiteTitle "CM"]
[BlackTitle "IM"]
[WhiteElo "2197"]
[BlackElo "2402"]
[WhiteFideId "1512110"]
[BlackFideId "3200957"]
[EventDate "2014.04.13"]

1. d4 Nf6 2. c4 g6 3. Nc3 Bg7 4. e4 d6 5. Nf3 O-O 6. h3 e5 7. d5 a5 8. Be3 Na6
9. Be2 Nd7 10. g4 Ndc5 11. Rg1 Kh8 12. a3 f5 13. gxf5 gxf5 14. Qc2 fxe4 15. Ng5
Bf5 16. O-O-O Nd3+ 17. Rxd3 exd3 18. Bxd3 Qd7 19. Nxh7 Bxd3 20. Qxd3 Qf5 21.
Qxf5 Rxf5 22. Ng5 Nc5 23. Bxc5 dxc5 24. Ne6 Rg8 25. Kb1 Rxf2 26. Rg5 Bh6 27.
Rxe5 Rgg2 28. Na4 Bc1 29. Nexc5 Bxb2 30. Re8+ Kh7 31. Nd3 Rf1+ 32. Re1 Rxe1+ 33.
Nxe1 Re2 34. Nxb2 Rxe1+ 35. Kc2 Re3 36. Nd3 Kg6 37. Nc5 Rxh3 38. Nxb7 Rxa3 39.
c5 Kf6 40. d6 cxd6 41. cxd6 Ke6 42. Kb2 Rh3 43. Nxa5 Kxd6 44. Nb3 Kd5 45. Kc2
Ke4 46. Nd2+ Ke3 47. Nc4+ Kd4 48. Nd2 Rh2 49. Kc1 Kd3 50. Nb1 Re2 51. Kd1 Rb2
52. Kc1 Ra2 53. Kd1 Rc2 54. Na3 Rb2 55. Kc1 Rb8 56. Nb1 Rb3 57. Nd2 Rc3+ 58. Kd1
Rc8 59. Nf1 Rc2 60. Ke1 Re2+ 61. Kd1 Ra2 62. Ke1 Rb2 63. Ng3 Rg2 64. Nf1 Re2+
65. Kd1 Re8 66. Nd2 Rb8 67. Ke1 Ra8 68. Nf1 Rf8 69. Ng3 Rf7 70. Nf1 Rf3 71. Nd2
Re3+ 72. Kd1 Rh3 73. Nf1 Rh7 74. Ke1 Rf7 75. Ng3 Ke3 76. Nf1+ Kf3 77. Nd2+ Ke3
78. Nf1+ Kd3 79. Ng3 Ra7 80. Kf2 Rf7+ 81. Ke1 Rf8 82. Nf1 Ke4 83. Ke2 Ra8 84.
Nd2+ Kd4 85. Nf3+ Kc3 86. Ke3 Re8+ 87. Kf4 Kd3 88. Ne5+ Kd4 89. Nf3+ Kd5 90. Kg3
Ke4 91. Ng5+ Ke3 92. Kg4 Rg8 93. Kf5 Rxg5+ 94. Kxg5 1/2-1/2

[Event "Fagernes GM Open 2014"]
[Site "Fagernes NOR"]
[Date "2014.04.15"]
[Round "3.16"]
[White "Flermoen, Peter"]
[Black "Haug, Johannes"]
[Result "0-1"]
[WhiteTitle "CM"]
[WhiteElo "2232"]
[BlackElo "2096"]
[WhiteFideId "1507303"]
[BlackFideId "1509268"]
[EventDate "2014.04.13"]

1. e4 e6 2. d4 d5 3. Nc3 Nf6 4. e5 Nfd7 5. f4 c5 6. Nf3 Nc6 7. Be3 cxd4 8. Nxd4
Bc5 9. Qd2 a6 10. O-O-O O-O 11. Be2 Nxd4 12. Bxd4 b5 13. Bf3 Bb7 14. g4 Rc8 15.
Ne2 Nb6 16. Kb1 Nc4 17. Qd3 Qb6 18. g5 b4 19. h4 a5 20. Bxc5 Rxc5 21. Qd4 a4 22.
Nc1 Qa5 23. Be2 Ra8 24. Rh3 Rcc8 25. h5 b3 26. cxb3 axb3 27. Rxb3 Bc6 28. Rc3
Rcb8 29. Bxc4 dxc4 30. Qe3 Rb7 31. Rd2 Bd5 32. Ka1 Qb4 33. a3 Qa5 34. Na2 Rbb8
35. Kb1 Rb5 36. Kc1 Rab8 37. Rcc2 Rb3 38. Nc3 Qa8 39. Rf2 Qb7 40. Kd1 Rd8 41.
Ke1 Bc6 42. Rcd2 Rxd2 43. Rxd2 Bd5 44. Qc5 h6 45. Qd6 Qa7 46. Ne2 Rh3 47. Qd8+
Kh7 48. g6+ fxg6 49. hxg6+ Kxg6 50. Rd4 Qf7 51. f5+ Qxf5 52. Qg8 Re3 53. Kd2
Rxe2+ 0-1

[Event "Fagernes GM Open 2014"]
[Site "Fagernes NOR"]
[Date "2014.04.15"]
[Round "3.17"]
[White "Elsness, Frode"]
[Black "Djurhuus, Eivind X"]
[Result "1-0"]
[WhiteTitle "IM"]
[WhiteElo "2483"]
[BlackElo "1977"]
[WhiteFideId "1501100"]
[BlackFideId "1515721"]
[EventDate "2014.04.13"]

1. d4 Nf6 2. c4 e6 3. Nc3 Bb4 4. f3 O-O 5. a3 Bxc3+ 6. bxc3 b6 7. e4 Ne8 8. Bd3
Ba6 9. Nh3 Qh4+ 10. Nf2 Nc6 11. Qe2 Na5 12. e5 c5 13. g3 Qh5 14. Be3 Rc8 15. Rc1
f6 16. g4 Qf7 17. Ne4 Qe7 18. O-O d6 19. exf6 Nxf6 20. Ng3 Nd7 21. f4 cxd4 22.
cxd4 d5 23. cxd5 Bxd3 24. Qxd3 exd5 25. Rce1 Nc4 26. Bc1 Qf7 27. f5 Rce8 28. Qf3
h6 29. h4 b5 30. g5 hxg5 31. hxg5 g6 32. f6 Ndb6 33. Bf4 Rxe1 34. Rxe1 Re8 35.
Rf1 a5 36. Kf2 Qe6 37. Kg2 Kf7 38. Rh1 Ne3+ 39. Bxe3 Qxe3 40. Rh7+ Kf8 41. Rh8+
Kf7 42. Rh7+ Kf8 43. Qxe3 Rxe3 44. Nf5 Rxa3 45. Nh6 Ke8 46. Rh8+ 1-0

[Event "Fagernes GM Open 2014"]
[Site "Fagernes NOR"]
[Date "2014.04.15"]
[Round "3.18"]
[White "Bjerke, Richard"]
[Black "Andersen, Alf R."]
[Result "0-1"]
[WhiteTitle "FM"]
[WhiteElo "2194"]
[BlackElo "2230"]
[WhiteFideId "1500252"]
[BlackFideId "1503120"]
[EventDate "2014.04.13"]

1. e4 c5 2. Nf3 d6 3. Bb5+ Bd7 4. Bxd7+ Qxd7 5. O-O Nc6 6. c4 g6 7. d4 cxd4 8.
Nxd4 Bg7 9. Be3 Nf6 10. f3 O-O 11. Nc3 Rac8 12. Nde2 Ne5 13. b3 a6 14. a4 e6 15.
Qd2 Rfd8 16. Rfd1 Qe8 17. Bb6 Rd7 18. Rac1 Qf8 19. h3 Bh6 20. f4 Nc6 21. g4 Ne8
22. Qe3 Qe7 23. g5 Bg7 24. h4 Nc7 25. Qf3 Na8 26. Bf2 Qd8 27. Qh3 Ne7 28. h5 d5
29. exd5 exd5 30. Ne4 Nf5 31. Nc5 Re7 32. Rxd5 Qc7 33. Qf3 Rce8 34. Rd2 gxh5 35.
Nc3 Bxc3 36. Rxc3 h4 37. Rcd3 Nb6 38. Qg4 Ne3 39. Rxe3 Rxe3 40. Bxe3 Rxe3 41.
Qxh4 Qxc5 42. Qf2 Rg3+ 43. Kf1 Qxf2+ 44. Kxf2 Rxb3 45. c5 Nxa4 46. Rd8+ Kg7 47.
f5 Nxc5 48. f6+ Kg6 49. Rg8+ Kf5 0-1

[Event "Fagernes GM Open 2014"]
[Site "Fagernes NOR"]
[Date "2014.04.15"]
[Round "3.19"]
[White "Dolzhikova, Olga"]
[Black "Hagesather, Arne"]
[Result "1-0"]
[WhiteTitle "WGM"]
[WhiteElo "2209"]
[BlackElo "2143"]
[WhiteFideId "14105870"]
[BlackFideId "1502476"]
[EventDate "2014.04.13"]

1. e4 c6 2. d4 d5 3. e5 c5 4. c3 Nc6 5. Be3 Qb6 6. Qd2 cxd4 7. Bxd4 Nxd4 8. cxd4
e6 9. a3 Bd7 10. Nc3 Ne7 11. Nf3 a6 12. Be2 Nf5 13. g4 Ne7 14. O-O Nc6 15. b4
Na7 16. Rfc1 Be7 17. Kg2 O-O 18. Bd3 Rac8 19. h4 Bb5 20. Nxb5 Nxb5 21. a4 Rxc1
22. Rxc1 Na3 23. b5 axb5 24. axb5 Ra8 25. Qf4 Rf8 26. Ng5 Bxg5 27. hxg5 g6 28.
Rh1 Nc4 29. Qh2 h5 30. Qf4 Nb2 31. Bb1 f5 32. gxf6 Kf7 33. Qh6 1-0

[Event "Fagernes GM Open 2014"]
[Site "Fagernes NOR"]
[Date "2014.04.15"]
[Round "3.20"]
[White "Jorgensen, Line Jin"]
[Black "Guttulsrud, Odd Martin"]
[Result "1/2-1/2"]
[BlackTitle "CM"]
[WhiteElo "1926"]
[BlackElo "2206"]
[WhiteFideId "1505467"]
[BlackFideId "1507249"]
[EventDate "2014.04.13"]

1. d4 Nf6 2. c4 g6 3. Nc3 Bg7 4. e4 d6 5. f4 O-O 6. Nf3 c5 7. d5 e6 8. dxe6 Bxe6
9. Bd3 Nc6 10. O-O a6 11. f5 Bd7 12. Bf4 Qb8 13. Bc2 Ne5 14. Nxe5 dxe5 15. Be3
gxf5 16. exf5 Bc6 17. Qe2 Rd8 18. Rad1 Qc7 19. Kh1 Kh8 20. Bf2 b5 21. Bg3 Re8
22. cxb5 axb5 23. Nxb5 Bxb5 24. Qxb5 Rxa2 25. Bb1 Rb8 26. Qxb8+ Qxb8 27. Bxa2
Ne4 28. Bh4 Bf6 29. Bxf6+ Nxf6 30. Bxf7 Kg7 31. Bc4 Qxb2 32. h3 e4 33. Rfe1 Qe5
34. Be6 Kh6 35. Re3 Kg5 36. Kg1 h5 37. Kf1 Kf4 38. Ke2 Qb2+ 39. Rd2 Qc1 40. g3+
Ke5 41. Rd1 Qb2+ 42. Rd2 Qc1 43. Rd1 Qc2+ 44. Rd2 Qc1 45. Rd1 Qc2+ 1/2-1/2

[Event "Fagernes GM Open 2014"]
[Site "Fagernes NOR"]
[Date "2014.04.15"]
[Round "3.21"]
[White "Hagesather, Ellen"]
[Black "Merkesvik, Sondre"]
[Result "1/2-1/2"]
[WhiteTitle "WIM"]
[WhiteElo "2204"]
[BlackElo "2042"]
[WhiteFideId "1501909"]
[BlackFideId "1514350"]
[EventDate "2014.04.13"]

1. e4 c5 2. d3 Nc6 3. Nc3 g6 4. g3 Bg7 5. Bg2 Nf6 6. f4 O-O 7. Nf3 e6 8. O-O d5
9. e5 Nd7 10. Kh1 Rb8 11. d4 b5 12. dxc5 b4 13. Na4 Qa5 14. b3 Nxc5 15. Nxc5
Qxc5 16. a3 a5 17. Qd3 Qc3 18. Qxc3 bxc3 19. Be3 Ba6 20. Rfe1 Rfc8 21. Nd4 Bf8
22. Nxc6 Rxc6 23. Kg1 Rd8 24. Bd4 Bb5 25. Bf1 Bxf1 26. Kxf1 Be7 27. Re3 Rdc8 28.
Ke2 Kf8 29. a4 Bb4 30. Rf1 Ke7 31. Rff3 h5 32. Rd3 R6c7 33. h3 Rc6 34. g4 hxg4
35. hxg4 R6c7 36. Rh3 Rc6 37. Bf2 R6c7 38. Rh7 Rg8 39. Bh4+ Kf8 40. Bd8 Rc8 41.
Bf6 Ke8 42. Rdh3 Ba3 43. Rh1 Bb4 44. Kd3 Rb8 45. Rh8 Kd7 46. Rxg8 Rxg8 47. Rh7
Rf8 48. Bg5 Ke8 49. Kd4 Rg8 50. Bh4 Be7 51. g5 Bb4 52. Be1 Ke7 53. Bxc3 Bxc3+
54. Kxc3 Rc8+ 55. Kd2 Rb8 56. Ke3 Rc8 57. Kd2 Rb8 58. Rh3 Rb4 59. Rf3 Kd7 60.
Ke2 Re4+ 61. Kf2 d4 62. Kg3 Kc6 63. Rd3 Kc5 64. c3 dxc3 65. Rxc3+ Kd4 66. Rc7
Re3+ 67. Kg4 Ke4 68. b4 Re1 69. Kg3 axb4 70. Rc4+ Ke3 71. Rxb4 Rg1+ 72. Kh2 Ra1
73. Kg2 Ra2+ 74. Kg3 Ra1 75. Rb3+ Ke2 76. Rb2+ Kd3 77. Rb3+ Ke2 78. Rb2+ Kd3 1/2-1/2

[Event "Fagernes GM Open 2014"]
[Site "Fagernes NOR"]
[Date "2014.04.15"]
[Round "4.1"]
[White "Shankland, Samuel L"]
[Black "Romanov, Evgeny"]
[Result "1/2-1/2"]
[WhiteTitle "GM"]
[BlackTitle "GM"]
[WhiteElo "2616"]
[BlackElo "2642"]
[WhiteFideId "2004887"]
[BlackFideId "4148843"]
[EventDate "2014.04.13"]

1. d4 Nf6 2. c4 c5 3. d5 g6 4. Nc3 Bg7 5. e4 d6 6. f3 O-O 7. Bg5 Na6 8. Qd2 Nc7
9. Bd3 Bd7 10. Nge2 a6 11. a4 b5 12. axb5 axb5 13. Rxa8 Qxa8 14. Nxb5 Nxb5 15.
cxb5 Qa1+ 16. Qc1 Qxc1+ 17. Bxc1 Rb8 18. Nc3 Ne8 19. Bg5 Bf8 20. Kd2 Nc7 21. Ra1
Nxb5 22. Nxb5 Bxb5 23. Bxb5 Rxb5 24. Ra8 1/2-1/2

[Event "Fagernes GM Open 2014"]
[Site "Fagernes NOR"]
[Date "2014.04.15"]
[Round "4.2"]
[White "Bok, Benjamin"]
[Black "Postny, Evgeny"]
[Result "0-1"]
[WhiteTitle "IM"]
[BlackTitle "GM"]
[WhiteElo "2590"]
[BlackElo "2630"]
[WhiteFideId "1017063"]
[BlackFideId "2804344"]
[EventDate "2014.04.13"]

1. e4 e5 2. Nf3 Nc6 3. Bb5 Nf6 4. d3 d6 5. O-O Bd7 6. Re1 g6 7. d4 Bg7 8. d5 Ne7
9. Bxd7+ Nxd7 10. Be3 O-O 11. c4 h6 12. Nfd2 f5 13. f3 c5 14. dxc6 bxc6 15. Nc3
Nf6 16. b4 d5 17. Bc5 fxe4 18. Ndxe4 Nxe4 19. fxe4 d4 20. Na4 Qd7 21. Nb2 h5 22.
Qb3 Kh7 23. Qh3 Qxh3 24. gxh3 Rf7 25. Rf1 Rxf1+ 26. Rxf1 Ng8 27. Bd6 Re8 28. Nd3
Nf6 29. Bxe5 Nd7 30. Bxg7 Kxg7 31. Re1 Kf6 32. Kf2 Ne5 33. Nxe5 Kxe5 34. Rg1
Rf8+ 35. Ke2 Kxe4 36. Rxg6 d3+ 37. Kd2 Rf2+ 38. Kc3 Rc2+ 39. Kb3 Rc1 40. Re6+
Kd4 41. Rd6+ Ke3 42. Re6+ Kd2 43. c5 Rc3+ 44. Kb2 a5 45. Rxc6 axb4 46. Rg6 Rxc5
47. h4 Rc4 48. Rg2+ Ke1 49. Rg1+ Kf2 50. Rg8 d2 51. Rd8 Ke3 0-1